Science Quiz

Random Science Quiz

Bird orders Quiz Stats

 Plays Quiz not verified by Sporcle

Challenge
Share
Tweet
Embed
Score 0/37 Timer 10:00
0 Plays Today
Examples % Correct
SparrowPasseriformes
88.1%
OwlStrigiformes
84.7%
PigeonColumbiformes
83.1%
DuckAnseriformes
81.4%
FalconFalconiformes
81.4%
SwiftApodiformes
81.4%
ChickenGalliformes
76.3%
CraneGruiformes
76.3%
OstrichStruthioniformes
72.9%
PelicanPelecaniformes
72.9%
WoodpeckerPiciformes
72.9%
GullCharadriiformes
71.2%
DiverGaviiformes
67.8%
GrebePodicipediformes
67.8%
PenguinSphenisciformes
67.8%
ParrotPsittaciformes
66.1%
RheaRheiformes
62.7%
TinamouTinamiformes
62.7%
AlbatrossProcellariiformes
62.7%
Examples % Correct
StorkCiconiiformes
62.7%
CuckooCuculiformes
62.7%
TuracoMusophagiformes
62.5%
HoatzinOpisthocomiformes
62.5%
NightjarCaprimulgiformes
57.6%
KingfisherCoraciiformes
57.6%
FlamingoPhoenicopteriformes
54.2%
TrogonTrogoniformes
54.2%
EmuCasuariiformes
52.5%
MousebirdColiiformes
50.8%
KiwiApterygiformes
44.1%
BustardOtidiformes
37.5%
SandgrousePteroclidiformes
28.8%
EagleAccipitriformes
25%
MesiteMesitornithiformes
25%
SunbitternEurypygiformes
25%
Cuckoo rollerLeptosomatiformes
25%
SeriemaCariamiformes
25%

You're not logged in!

Compare scores with friends on all Sporcle quizzes.
Join for Free
OR
Log In

You Might Also Like...

Show Comments

Extras

Created Dec 12, 2009ReportNominate
Tags:bird, extant, order

Top Quizzes Today


Score Distribution

Your Account Isn't Verified!

In order to create a playlist on Sporcle, you need to verify the email address you used during registration. Go to your Sporcle Settings to finish the process.

Report this User

Report this user for behavior that violates our Community Guidelines.

Details: